000 00272as aa2200097a 44500
090 _aSERIADAS
_b00955
245 1 0 _aRevista del Museo de La Plata
260 _bUniversidad Nacional de La Plata. Facultad Cienicas Naturales y Museo
_a12
041 0 _aEspaƱol
942 _cREVISTA
999 _c17095
_d17095